|
|
|
|
| LEADER |
00000nam a2200000 a 4500 |
| 001 |
vtls010643049 |
| 003 |
SK-MaSNL |
| 005 |
20260301215316.0 |
| 007 |
co cg auuua |
| 008 |
240314s2014 xo | gs 000 f slo |
| 015 |
|
|
|a SNBS2015
|
| 020 |
|
|
|a 9788097181789
|q (elektronická kniha)
|
| 040 |
|
|
|a SNK
|b slo
|c SNK
|e AACR2
|
| 041 |
0 |
|
|a slo
|
| 044 |
|
|
|a xo
|c SK
|
| 072 |
|
7 |
|a 821.162.4-3
|x Slovenská próza
|2 konspekt
|
| 080 |
|
|
|a 821.162.4-31
|2 2001
|
| 080 |
|
|
|a (0.034.44)
|2 2001
|
| 100 |
1 |
|
|a Ovsená, Blažena
|4 aut
|9 604943
|
| 245 |
1 |
0 |
|a Neviditeľný zdroj
|h elektronický zdroj
|b gej rozprávka o dvoch princoch...
|c Blažena Ovsená
|
| 250 |
|
|
|a 1. vyd.
|
| 260 |
|
|
|a [Veľké Leváre]
|b Blažena Ovsená
|c 2014
|
| 300 |
|
|
|a 1 elektronický optický disk (CD-ROM)
|b fareb.
|c 12 cm
|
| 500 |
|
|
|a Názov z titulnej obrazovky
|
| 516 |
|
|
|a Textový dokument (román), súbor vo formáte pdf
|
| 538 |
|
|
|a Technické požiadavky: PDF prehliadač
|
| 655 |
|
7 |
|a elektronické zdroje
|2 SNKPH
|9 90954
|
| 655 |
|
7 |
|a CD-ROM
|2 SNKPH
|9 70236
|
| 655 |
|
7 |
|a slovenské romány
|2 SNKPH
|9 70324
|
| 655 |
|
7 |
|a Slovak fiction
|2 SNKPHeng
|9 277096
|
| 655 |
|
7 |
|a Electronic resources
|2 SNKPHeng
|9 175546
|
| 919 |
|
|
|a 978-80-971817-8-9
|
| 958 |
|
|
|a LX
|
| 999 |
|
|
|c 927721
|d 929651
|
| 952 |
|
|
|a SNK
|b SNK
|y PREZ
|7 0
|p 17A1133472
|o snkSCDM 6966
|i snk2014/27847
|8 0
|0 0
|1 0
|4 0
|d 2014-12-15
|l 0
|r 2026-02-24 08:38:27
|w 2026-02-24
|